000 00854nam a22002537a 4500
003 DO-SdBNP
005 20171129155854.0
008 171110b 1991 sp a ||||| |||| 00| 0 spa d
020 _a8424132343
040 _aBPMSU
_bspa
_cBPMSU
092 _axxxx
_bxxxx
100 1 _aTordjman, Nathalie
240 1 0 _aChien.
_lEspañol
245 1 0 _aEl perro :
_blos animales tienen su historia /
_ctexto de Nathalie Tordjman ; ilustraciones de Jean-Marc Pariselle ; traducción, José M. Ayuda Ronco.
260 _aLeón, España :
_bEverest,
_c1999.
300 _a91 p. :
_bil. ;
_c18 cm.
490 1 _aTrotamundos
_v6
700 1 2 _aPariselle, Jean-Marc,
_eil.
700 1 2 _aAyuda Ronco, José M.
_etr.
830 0 _aTrotamundos
_v6
942 _2ddc
_cBK
945 _aInventariado extranjero / 2017 YL
956 _aLOPEREZ
_b10
_c20171110
_h0041
_iBPMSU
999 _c12843
_d12843